000 00385nam a2200133Ia 4500
005 20251222141900.0
008 251222s9999||||xx |||||||||||||| ||spa||
020 _a978-612-311-178-6
082 _a343.02/J54
100 _aJiménez Murillo, Roberto
245 0 _aComentarios a la Ley y al Reglamento del Sistema Nacional de Bienes Estatales
264 _bGaceta Jurídica
942 _cLIB
999 _c8024
_d8024